000 00848cam a2200253 a 4500
008
020 _a0851399762 (hbk.)
049 _aMAIN
090 _aREF TH425
_bBOW
100 1 _aBowyer, Jack.
245 1 0 _aSmall works contract documentation :
_band how to administer it /
_cJack Bowyer.
250 _a3rd ed.
260 _aLondon :
_bArchitectural,
_c1986.
300 _a[176] p. :
_bill. ;
_c24 cm.
440 0 _aArchitectural Press legal guides
500 _aPrevious ed.: 1978.
650 0 _aBuilding
_xContracts and specifications
_zGreat Britain.
653 _aGreat Britain
_aBuildings
_aConstruction
_aSmall works
_aContracts
_aAdministration - Manuals
907 _a.b10070370
_b23-10-14
_c17-04-03
003
005 20230120191408.0
040 _cNUST
942 _cBOOKS
_kREF TH425
_mBOW
999 _c100371
_d100371